Ethics for a Brave new world / (Record no. 9209)

MARC details
000 -LEADER
fixed length control field 01338cam a2200313 a 4500
001 - CONTROL NUMBER
control field 27975941
003 - CONTROL NUMBER IDENTIFIER
control field OCoLC
005 - DATE AND TIME OF LATEST TRANSACTION
control field 20241126110707.0
008 - FIXED-LENGTH DATA ELEMENTS--GENERAL INFORMATION
fixed length control field 930330s1993 ilu b 001 0 eng
010 ## -
-- 93004015
020 ## - INTERNATIONAL STANDARD BOOK NUMBER
International Standard Book Number 0891077367
020 ## - INTERNATIONAL STANDARD BOOK NUMBER
International Standard Book Number 9780891077367
035 ## - SYSTEM CONTROL NUMBER
System control number (OCoLC)27975941
040 ## - CATALOGING SOURCE
Original cataloging agency DLC
Transcribing agency DLC
Modifying agency BAKER
-- BTCTA
-- YDXCP
-- OCLCG
-- HNW
050 00 -
-- HM216
-- .F4 1993
082 00 - DEWEY DECIMAL CLASSIFICATION NUMBER
Classification number 241
Edition information 20
Item number FEI
092 ## - LOCALLY ASSIGNED DEWEY CALL NUMBER (OCLC)
Classification number 170
Item number F2992
100 1# - MAIN ENTRY--PERSONAL NAME
Personal name Feinberg, John S.,
Dates associated with a name 1946-
9 (RLIN) 16017
245 10 - TITLE STATEMENT
Title Ethics for a Brave new world /
Statement of responsibility, etc. John S. Feinberg & Paul D. Feinberg.
260 ## - PUBLICATION, DISTRIBUTION, ETC.
Place of publication, distribution, etc. Wheaton, Ill. :
Name of publisher, distributor, etc. Crossway Books,
Date of publication, distribution, etc. c1993.
300 ## - PHYSICAL DESCRIPTION
Extent 479 p. ;
Dimensions 23 cm.
504 ## - BIBLIOGRAPHY, ETC. NOTE
Bibliography, etc. note Includes bibliographical references and indexes.
505 0# - FORMATTED CONTENTS NOTE
Formatted contents note Moral decision-making and the Christian -- Abortion -- Abortion and special problems -- Euthanasia -- Capital punishment -- Sexual morality -- Birth control -- Homosexuality -- Genetic engineering : reproductive technologies -- Genetic engineering and genes -- Divorce and remarriage -- The Christian and war : Christian faith in a nuclear age -- The Christian and the secular state.
650 #0 - SUBJECT ADDED ENTRY--TOPICAL TERM
Topical term or geographic name entry element Social ethics.
9 (RLIN) 171
650 #0 - SUBJECT ADDED ENTRY--TOPICAL TERM
Topical term or geographic name entry element Christian ethics.
9 (RLIN) 68
700 1# - ADDED ENTRY--PERSONAL NAME
Personal name Feinberg, Paul D.
9 (RLIN) 16018
700 1# - ADDED ENTRY--PERSONAL NAME
Personal name Huxley, Aldous,
Dates associated with a name 1894-1963.
Title of a work Brave new world.
9 (RLIN) 16019
942 ## - ADDED ENTRY ELEMENTS (KOHA)
Source of classification or shelving scheme Dewey Decimal Classification
Koha item type Books
Koha issues (borrowed), all copies 14
Holdings
Withdrawn status Lost status Source of classification or shelving scheme Damaged status Not for loan Home library Current Library Shelving location Date acquired Total checkouts Total renewals Full call number Barcode Date last seen Date last checked out Copy number Price effective from Koha item type
    Dewey Decimal Classification     GRACE BIBLE COLLEGE GRACE BIBLE COLLEGE Theology 2022-06-03 18 3 241 FEI 015634 2025-07-24 2025-07-18 c.1 2022-06-03 Books
© Grace Bible College Library 2025